
Library Catalogue

| 000 -LEADER | |
|---|---|
| fixed length control field | 02190nam a22002297a 4500 |
| 005 - DATE AND TIME OF LATEST TRANSACTION | |
| control field | 20260619161806.0 |
| 008 - FIXED-LENGTH DATA ELEMENTS--GENERAL INFORMATION | |
| fixed length control field | 260619b |||||||| |||| 00| 0 eng d |
| 020 ## - INTERNATIONAL STANDARD BOOK NUMBER | |
| International Standard Book Number | 9780143479246 (paperback) |
| 082 ## - DEWEY DECIMAL CLASSIFICATION NUMBER | |
| Classification number | 320.954092 ZOR |
| 100 ## - MAIN ENTRY--PERSONAL NAME | |
| Personal name | Zoramthanga |
| 245 ## - TITLE STATEMENT | |
| Title | From guerrilla fighter to chief minister : |
| Remainder of title | a memoir / |
| Statement of responsibility, etc. | by Zoramthanga |
| 260 ## - PUBLICATION, DISTRIBUTION, ETC. | |
| Place of publication, distribution, etc. | Haryana; |
| Name of publisher, distributor, etc. | Penguin Random House, |
| Date of publication, distribution, etc. | 2026. |
| 300 ## - PHYSICAL DESCRIPTION | |
| Extent | xvi, 430 pages; |
| Dimensions | 22 cm. |
| 365 ## - TRADE PRICE | |
| Price amount | Rs. 599.00 |
| 505 ## - Contents | |
| Contents | Prologue –<br/>Preface –<br/>Part 1: Glimpses of growing up:<br/>Part 2: The rise of MNF:<br/>Part 3: Jericho:<br/>Part 4: March over Mizoram:<br/>Part 5: Of Burma, brotherhood and ops:<br/>Part 6: The period around the China visit:<br/>Part 7: Mizoram and East Pakistan:<br/>Part 8: Aftermath and the operations that followed:<br/>Part 9: International mission:<br/>Part 10: To India:<br/>Zoramthanga’s life in pictures. <br/> |
| 520 ## - SUMMARY, ETC. | |
| Summary, etc. | What does it take for a boy born in a remote hill village―during a world at war―to rise through fire, loss, exile, and battle to become the political leader who helps bring peace to an entire state?<br/>This is not just a political memoir. It is a story of struggle. A story of conviction. A story of one man who held his people’s future in his hands, and refused to let it slip into despair.<br/>In From Guerrilla Fighter to Chief Minister, Zoramthanga delivers an unforgettable, deeply human story of courage under impossible odds. You walk with him through burning towns, starvation years, jungle hideouts, and secret border crossings. You feel the fear of being hunted―and the stubborn hope that refuses to die. You witness friendships forged in danger, faith tested in darkness, and a movement that dared to dream of freedom.<br/>And then comes the hardest journey of all: learning to transform rebellion into reconciliation, and conflict into lasting peace.<br/>Raw, gripping, and profoundly inspiring, this book will stay with you long after the final page. |
| 650 ## - SUBJECT ADDED ENTRY--TOPICAL TERM | |
| Topical term or geographic name entry element | Zoramthanga — Biography |
| 650 ## - SUBJECT ADDED ENTRY--TOPICAL TERM | |
| Topical term or geographic name entry element | Mizo National Front — History |
| 650 ## - SUBJECT ADDED ENTRY--TOPICAL TERM | |
| Topical term or geographic name entry element | Reconciliation — Political aspects — Mizoram (India) |
| 650 ## - SUBJECT ADDED ENTRY--TOPICAL TERM | |
| Topical term or geographic name entry element | Chief ministers — Mizoram (India) — Biography |
| 942 ## - ADDED ENTRY ELEMENTS (KOHA) | |
| Source of classification or shelving scheme | Dewey Decimal Classification |
| Koha item type | BOOKs |
| Withdrawn status | Lost status | Source of classification or shelving scheme | Materials specified (bound volume or other part) | Damaged status | Not for loan | Home library | Current library | Shelving location | Date acquired | Source of acquisition | Cost, normal purchase price | Total Checkouts | Full call number | Barcode | Checked out | Date last seen | Date last checked out | Price effective from | Koha item type | Public note |
|---|---|---|---|---|---|---|---|---|---|---|---|---|---|---|---|---|---|---|---|---|
| Dewey Decimal Classification | PB | NLS | NLS | General Stacks | 19/06/2026 | Purchased - Educational Supplies | 599.00 | 1 | 320.954092 ZOR | 40876 | 30/09/2026 | 02/07/2026 | 02/07/2026 | 19/06/2026 | BOOKs | Recommended by Dr. Manpreet Singh Dhillon |